[Event "6th Sarkany-Aranytiz IM"]
[Site "Budapest"]
[Date "2015.08.15"]
[Round "1.1"]
[White "Ivekovic, Bozidar"]
[Black "Ivekovic, Zvonimir"]
[Result "1/2-1/2"]
[WhiteElo "2374"]
[BlackElo "2330"]
[PlyCount "42"]
[EventDate "2015.08.15"]
[EventType "tourn"]
[EventRounds "9"]
[EventCountry "HUN"]
[EventCategory "4"]

1. d4 Nf6 2. Nf3 d5 3. Bf4 e6 4. e3 Bd6 5. Bg3 Ne4 6. Bd3 Nxg3 7. hxg3 Nd7 8.
Nc3 b6 9. e4 Bb7 10. e5 Bb4 11. a3 Be7 12. Ne2 Qc8 13. c3 Ba6 14. Bc2 c5 15.
Rc1 h6 16. Nf4 Qc7 17. Nh4 O-O-O 18. Bg6 Nxe5 19. Bd3 Nxd3+ 20. Nxd3 c4 21. Ne5
Bxh4 1/2-1/2

[Event "6th Sarkany-Aranytiz IM"]
[Site "Budapest"]
[Date "2015.08.15"]
[Round "1.2"]
[White "Jovanovic, Dusan D"]
[Black "Goczo, Melinda"]
[Result "1-0"]
[WhiteElo "2373"]
[BlackElo "2230"]
[PlyCount "79"]
[EventDate "2015.08.15"]
[EventType "tourn"]
[EventRounds "9"]
[EventCountry "HUN"]
[EventCategory "4"]

1. Nf3 d5 2. d4 Nf6 3. c4 e6 4. Nc3 Be7 5. Bg5 O-O 6. e3 h6 7. Bh4 b6 8. cxd5
Nxd5 9. Bxe7 Qxe7 10. Rc1 Bb7 11. Bd3 Rc8 12. O-O Nd7 13. Nxd5 Bxd5 14. Ba6 Rd8
15. Rxc7 Qd6 16. Rc3 e5 17. Bc4 Bxc4 18. Rxc4 b5 19. Rc2 e4 20. Nd2 Qg6 21. Qe2
Nf6 22. Rfc1 a6 23. Rc5 Rd6 24. h3 Kh7 25. Nb3 Nd7 26. Rc7 f5 27. Na5 Rf8 28.
Nc6 Qe6 29. b3 Rd5 30. Qc2 Qd6 31. Na7 Qg6 32. Nc8 Qg5 33. g3 Nf6 34. Qe2 f4
35. exf4 Qf5 36. Ne7 Qxh3 37. Nxd5 Ng4 38. Qxe4+ Kh8 39. Qg2 Qh5 40. Ne3 1-0

[Event "6th Sarkany-Aranytiz IM"]
[Site "Budapest"]
[Date "2015.08.15"]
[Round "1.3"]
[White "Zentai, Peter"]
[Black "Trbojevic, Mladen"]
[Result "1/2-1/2"]
[WhiteElo "2248"]
[BlackElo "2381"]
[PlyCount "77"]
[EventDate "2015.08.15"]
[EventType "tourn"]
[EventRounds "9"]
[EventCountry "HUN"]
[EventCategory "4"]

1. d4 Nf6 2. c4 g6 3. Nc3 d5 4. cxd5 Nxd5 5. e4 Nxc3 6. bxc3 Bg7 7. Nf3 c5 8.
Bb5+ Nc6 9. d5 a6 10. Be2 Ne5 11. Nxe5 Bxe5 12. Qb3 Qc7 13. h3 O-O 14. O-O e6
15. a4 exd5 16. exd5 Bf5 17. Be3 Rac8 18. Rad1 c4 19. Qb2 Rfe8 20. Bb6 Qe7 21.
Bf3 Bd6 22. Qd2 Qe5 23. g3 Bxh3 24. Rfe1 Qf5 25. Re3 Bg4 26. Bxg4 Qxg4 27. Rde1
Rxe3 28. Qxe3 Qf5 29. Qd4 Bf8 30. d6 Qd7 31. Bc7 b5 32. axb5 axb5 33. Qd5 h6
34. Re5 b4 35. cxb4 Bxd6 36. Bxd6 c3 37. Bc5 Qxd5 38. Rxd5 c2 39. Be3 1/2-1/2

[Event "6th Sarkany-Aranytiz IM"]
[Site "Budapest"]
[Date "2015.08.15"]
[Round "1.4"]
[White "Lyell, Mark"]
[Black "Milanovic, Slavisa"]
[Result "1/2-1/2"]
[WhiteElo "2313"]
[BlackElo "2407"]
[PlyCount "84"]
[EventDate "2015.08.15"]
[EventType "tourn"]
[EventRounds "9"]
[EventCountry "HUN"]
[EventCategory "4"]

1. e4 e6 2. d4 d5 3. Nd2 c5 4. exd5 Qxd5 5. Ngf3 cxd4 6. Bc4 Qd6 7. O-O Nf6 8.
Nb3 Nc6 9. Nbxd4 Nxd4 10. Nxd4 a6 11. Re1 Be7 12. Be3 O-O 13. Qf3 Re8 14. a4
Qc7 15. Bb3 Bd6 16. h3 e5 17. Bg5 exd4 18. Bxf6 Bxh3 19. Bxd4 Be6 20. Bxe6 Rxe6
21. Rxe6 fxe6 22. Re1 Re8 23. Qb3 Qf7 24. g3 e5 25. Qxf7+ Kxf7 26. Bc3 b5 27.
Re4 Ke6 28. Kf1 Kd5 29. f3 Rc8 30. axb5 axb5 31. Re2 h5 32. Kg2 g5 33. Kh3 b4
34. Be1 Rg8 35. Rd2+ Ke6 36. Re2 g4+ 37. Kg2 gxf3+ 38. Kxf3 Kf5 39. Re4 Rc8 40.
Bxb4 Bxb4 41. Rxb4 Rxc2 42. Rb8 e4+ 1/2-1/2

[Event "6th Sarkany-Aranytiz IM"]
[Site "Budapest"]
[Date "2015.08.15"]
[Round "1.5"]
[White "Juhasz, Armin"]
[Black "Galyas, Miklos"]
[Result "1/2-1/2"]
[WhiteElo "2315"]
[BlackElo "2467"]
[PlyCount "43"]
[EventDate "2015.08.15"]
[EventType "tourn"]
[EventRounds "9"]
[EventCountry "HUN"]
[EventCategory "4"]

1. e4 c5 2. Nf3 Nc6 3. d4 cxd4 4. Nxd4 g6 5. c4 Bg7 6. Be3 d6 7. Nc3 Nf6 8. f3
Nxd4 9. Bxd4 O-O 10. Be2 Bd7 11. O-O a5 12. b3 Bc6 13. Qd2 Nd7 14. Be3 Nc5 15.
Rab1 Qb6 16. Rfc1 Rfc8 17. Rc2 Qd8 18. Bf1 h5 19. g3 Kh7 20. Bg2 Be5 21. Re1 b6
22. Bf2 1/2-1/2

[Event "6th Sarkany-Aranytiz IM"]
[Site "Budapest"]
[Date "2015.08.16"]
[Round "2.1"]
[White "Ivekovic, Zvonimir"]
[Black "Galyas, Miklos"]
[Result "0-1"]
[WhiteElo "2330"]
[BlackElo "2467"]
[PlyCount "60"]
[EventDate "2015.08.15"]
[EventType "tourn"]
[EventRounds "9"]
[EventCountry "HUN"]
[EventCategory "4"]

1. e4 d6 2. d4 Nf6 3. Nc3 g6 4. f3 Bg7 5. Be3 O-O 6. Qd2 e5 7. Nge2 exd4 8.
Bxd4 Nc6 9. Be3 a6 10. h4 Ne5 11. Nf4 Be6 12. h5 Bc4 13. Be2 b5 14. hxg6 fxg6
15. O-O-O Qe7 16. Rh3 Bxe2 17. Qxe2 c6 18. Kb1 Nc4 19. Bc1 d5 20. exd5 Qxe2 21.
Ncxe2 Nxd5 22. Nxd5 cxd5 23. b3 Rfe8 24. bxc4 bxc4 25. Nd4 Bxd4 26. Bf4 Bc3 27.
Rdh1 Ra7 28. Kc1 Re2 29. g4 Rae7 30. Kd1 Re1+ 0-1

[Event "6th Sarkany-Aranytiz IM"]
[Site "Budapest"]
[Date "2015.08.16"]
[Round "2.2"]
[White "Milanovic, Slavisa"]
[Black "Juhasz, Armin"]
[Result "1/2-1/2"]
[WhiteElo "2407"]
[BlackElo "2315"]
[PlyCount "40"]
[EventDate "2015.08.15"]
[EventType "tourn"]
[EventRounds "9"]
[EventCountry "HUN"]
[EventCategory "4"]

1. c4 Nf6 2. Nc3 c5 3. Nf3 d5 4. cxd5 Nxd5 5. e4 Nxc3 6. dxc3 Qxd1+ 7. Kxd1 e6
8. Kc2 Be7 9. e5 Bd7 10. a4 Bc6 11. Bb5 O-O 12. Bxc6 Nxc6 13. h4 Rfd8 14. h5
Rd5 15. Bf4 h6 16. Rad1 Rad8 17. Rxd5 exd5 18. g4 Rd7 19. Bg3 Bd8 20. Re1 Bc7
1/2-1/2

[Event "6th Sarkany-Aranytiz IM"]
[Site "Budapest"]
[Date "2015.08.16"]
[Round "2.3"]
[White "Trbojevic, Mladen"]
[Black "Lyell, Mark"]
[Result "1-0"]
[WhiteElo "2381"]
[BlackElo "2313"]
[PlyCount "119"]
[EventDate "2015.08.15"]
[EventType "tourn"]
[EventRounds "9"]
[EventCountry "HUN"]
[EventCategory "4"]

1. e4 e6 2. d4 d5 3. Nc3 Nf6 4. e5 Nfd7 5. f4 c5 6. Nf3 Nc6 7. Be3 cxd4 8. Nxd4
Bc5 9. Qd2 O-O 10. O-O-O a6 11. Qf2 Bxd4 12. Bxd4 b5 13. Bd3 Nxd4 14. Qxd4 f6
15. Nxd5 Nxe5 16. Nxf6+ Qxf6 17. fxe5 Qg5+ 18. Kb1 Bb7 19. Qd6 Bd5 20. Rhf1
Qxg2 21. Rxf8+ Rxf8 22. Bxh7+ Kxh7 23. Qxf8 Qxh2 24. Qd6 Qe2 25. Rc1 a5 26. Qc7
Qc4 27. Qxa5 g5 28. b3 Qe2 29. Qc3 Kg6 30. Re1 Qf2 31. Qd3+ Kh5 32. Rf1 Qg2 33.
Qxb5 Be4 34. Rc1 Kh4 35. Qc5 g4 36. Rg1 Bxc2+ 37. Ka1 Qe2 38. Qc3 Be4 39. Qg3+
Kg5 40. Qc3 Qf2 41. Qc1+ Qf4 42. Qc7 Qf5 43. Qg7+ Kf4 44. a4 Bf3 45. Qf6 Ke3
46. Qh6+ Kd3 47. Re1 Be2 48. Qc1 Qxe5+ 49. Kb1 Qh2 50. Qc4+ Kd2 51. Qb4+ Kd3
52. Qc4+ Kd2 53. Qc1+ Kd3 54. Qc2+ Ke3 55. Qc3+ Ke4 56. a5 g3 57. a6 Kf4 58.
Qd2+ Kf3 59. a7 Qh7+ 60. Kb2 1-0

[Event "6th Sarkany-Aranytiz IM"]
[Site "Budapest"]
[Date "2015.08.16"]
[Round "2.4"]
[White "Goczo, Melinda"]
[Black "Zentai, Peter"]
[Result "1-0"]
[WhiteElo "2230"]
[BlackElo "2248"]
[PlyCount "31"]
[EventDate "2015.08.15"]
[EventType "tourn"]
[EventRounds "9"]
[EventCountry "HUN"]
[EventCategory "4"]

1. d4 d5 2. c4 c6 3. Nf3 Nf6 4. e3 e6 5. Nc3 Nbd7 6. Bd3 dxc4 7. Bxc4 b5 8. Bd3
Bd6 9. O-O O-O 10. b3 e5 11. Ne4 Nxe4 12. Bxe4 Bb7 13. dxe5 Nxe5 14. Bb2 Nxf3+
15. Qxf3 Qc7 16. Qf5 1-0

[Event "6th Sarkany-Aranytiz IM"]
[Site "Budapest"]
[Date "2015.08.16"]
[Round "2.5"]
[White "Ivekovic, Bozidar"]
[Black "Jovanovic, Dusan D"]
[Result "1-0"]
[WhiteElo "2374"]
[BlackElo "2373"]
[PlyCount "75"]
[EventDate "2015.08.15"]
[EventType "tourn"]
[EventRounds "9"]
[EventCountry "HUN"]
[EventCategory "4"]

1. d4 Nf6 2. c4 e6 3. Nf3 Bb4+ 4. Nbd2 b6 5. a3 Bxd2+ 6. Qxd2 Bb7 7. e3 O-O 8.
Be2 Ne4 9. Qc2 f5 10. O-O Rf6 11. Rd1 Rh6 12. d5 d6 13. g3 c5 14. Nd2 exd5 15.
cxd5 Qe7 16. Nf1 Rf6 17. f3 Ng5 18. b4 Nd7 19. Bb2 Re8 20. Bxf6 Qxf6 21. h4 Nf7
22. Bb5 Re7 23. Rab1 Nf8 24. Kf2 h6 25. Qb2 Ne5 26. bxc5 bxc5 27. Kg2 Qf7 28.
Qd2 g5 29. hxg5 hxg5 30. Nh2 Qh5 31. Rh1 Qg6 32. Kf2 Nh7 33. Bc6 Ba6 34. Qa5
Nd3+ 35. Kg1 Bc4 36. Qd8+ Kf7 37. Rb7 Qf6 38. Qe8+ 1-0

[Event "6th Sarkany-Aranytiz IM"]
[Site "Budapest"]
[Date "2015.08.17"]
[Round "3.1"]
[White "Jovanovic, Dusan D"]
[Black "Ivekovic, Zvonimir"]
[Result "1-0"]
[WhiteElo "2373"]
[BlackElo "2330"]
[PlyCount "91"]
[EventDate "2015.08.15"]
[EventType "tourn"]
[EventRounds "9"]
[EventCountry "HUN"]
[EventCategory "4"]

1. Nf3 c5 2. b3 d6 3. Bb2 e5 4. e4 Nf6 5. Nc3 Nc6 6. Bc4 Be7 7. h3 a6 8. a4 h6
9. d3 g5 10. Nh2 Be6 11. Ng4 h5 12. Ne3 Nb4 13. Qe2 Qc7 14. Ncd1 O-O-O 15. c3
Nc6 16. Nd5 Bxd5 17. exd5 Na5 18. Ne3 Rde8 19. b4 Nxc4 20. dxc4 e4 21. Qc2 Nd7
22. Qxe4 Bf6 23. Qc2 cxb4 24. cxb4 Bxb2 25. Qxb2 f5 26. O-O f4 27. Nf5 Kb8 28.
Rae1 Rhf8 29. Rxe8+ Rxe8 30. Qg7 Re5 31. Qxg5 Qxc4 32. Qd8+ Qc8 33. Qxc8+ Kxc8
34. Rc1+ Kb8 35. Nxd6 Rxd5 36. Nc4 Rd4 37. a5 b5 38. axb6 Kb7 39. Kf1 f3 40.
gxf3 Nxb6 41. Na5+ Ka8 42. Re1 Rf4 43. Re8+ Ka7 44. Re7+ Ka8 45. Nc6 Nc8 46.
Rc7 1-0

[Event "6th Sarkany-Aranytiz IM"]
[Site "Budapest"]
[Date "2015.08.17"]
[Round "3.2"]
[White "Zentai, Peter"]
[Black "Ivekovic, Bozidar"]
[Result "0-1"]
[WhiteElo "2248"]
[BlackElo "2374"]
[PlyCount "158"]
[EventDate "2015.08.15"]
[EventType "tourn"]
[EventRounds "9"]
[EventCountry "HUN"]
[EventCategory "4"]

1. d4 Nf6 2. c4 c5 3. d5 e6 4. Nc3 exd5 5. cxd5 d6 6. e4 g6 7. Bd3 Bg7 8. h3
O-O 9. Nf3 Na6 10. O-O Nc7 11. Re1 Rb8 12. a4 b6 13. Bf4 a6 14. Qd2 b5 15. axb5
axb5 16. e5 b4 17. exd6 bxc3 18. dxc7 cxd2 19. cxb8=Q dxe1=Q+ 20. Rxe1 Qxd5 21.
Qb5 Bxh3 22. Re5 Qa8 23. Rxc5 Bd7 24. Qa5 Qb7 25. Be5 Be6 26. Qd2 Rd8 27. Qe2
Qb3 28. Rc3 Qb4 29. Bc4 Bxc4 30. Rxc4 Qa5 31. b4 Qa4 32. Rd4 Rxd4 33. Bxd4 Qxb4
34. Qb2 Qxb2 35. Bxb2 Ng4 36. Bxg7 Kxg7 37. g3 f5 38. Kg2 Kf6 39. Nd4 Ke5 40.
Nf3+ Kf6 41. Nd4 Ne5 42. Ne2 Nd3 43. f4 Ke6 44. Kf3 Kd5 45. Nc3+ Kc4 46. Ne2
Ne1+ 47. Kf2 Nc2 48. Ng1 Nd4 49. Ke3 h6 50. Nh3 Nc2+ 51. Kf3 Kd3 52. Nf2+ Kd2
53. Nh3 Nd4+ 54. Kf2 Kd3 55. Ng1 Ke4 56. Nh3 Nb3 57. Ke2 Nc1+ 58. Kf2 Na2 59.
Ke2 Nc3+ 60. Kf2 Nd5 61. Ke2 Nf6 62. Nf2+ Kd4 63. Kf3 Ne4 64. Nh3 Kd3 65. Ng1
Nf6 66. Ne2 Nd5 67. Ng1 h5 68. Nh3 Kd2 69. Ng5 Ke1 70. Nf7 Kf1 71. Ne5 Ne7 72.
Nf7 Kg1 73. Ne5 Kh2 74. Kf2 Nd5 75. Nxg6 Nf6 76. Kf3 Ne4 77. Ne7 Nxg3 78. Kf2
h4 79. Ng6 Ne4+ {time} 0-1

[Event "6th Sarkany-Aranytiz IM"]
[Site "Budapest"]
[Date "2015.08.17"]
[Round "3.3"]
[White "Lyell, Mark"]
[Black "Goczo, Melinda"]
[Result "0-1"]
[WhiteElo "2313"]
[BlackElo "2230"]
[PlyCount "192"]
[EventDate "2015.08.15"]
[EventType "tourn"]
[EventRounds "9"]
[EventCountry "HUN"]
[EventCategory "4"]

1. e4 c5 2. Nc3 a6 3. g3 b5 4. Bg2 Bb7 5. Nge2 e6 6. d4 b4 7. Na4 cxd4 8. Nxd4
Nf6 9. O-O Qc7 10. Re1 d6 11. a3 bxa3 12. Rxa3 Nbd7 13. Rc3 Qa5 14. Rc4 Rc8 15.
Bd2 Qd8 16. Qe2 Rxc4 17. Qxc4 Qa8 18. Nxe6 fxe6 19. Qxe6+ Be7 20. e5 Nf8 21.
Qc4 Bxg2 22. exd6 Ng6 23. Nb6 Qc6 24. dxe7 Qxc4 25. Nxc4 Bd5 26. Nd6+ Kd7 27.
Nf5 Rb8 28. Nxg7 Nxe7 29. Bg5 Nfg8 30. b3 Bf7 31. Rd1+ Kc6 32. Bf4 Rb7 33. Rd6+
Kb5 34. Ne6 Bxe6 35. Rxe6 Ng6 36. Bd2 Rd7 37. c4+ Kc5 38. Be3+ Kb4 39. Rb6+ Kc3
40. c5 N8e7 41. Rxa6 Kxb3 42. h4 Nd5 43. Bd2 Rc7 44. Rd6 Rxc5 45. Rd7 Ne5 46.
Rb7+ Kc4 47. Kg2 Rc7 48. Rb8 Kd3 49. Bg5 Nf7 50. Rb5 Kc4 51. Rb8 Kd4 52. Re8
Nd6 53. Re6 Ne4 54. Re8 Rf7 55. f3 Nd6 56. Re2 Nc4 57. h5 Rf5 58. f4 Nde3+ 59.
Kf3 Kd3 60. Ra2 Nd2+ 61. Kf2 Ne4+ 62. Kg1 Nxg5 63. fxg5 Rxg5 64. Kf2 Rf5+ 65.
Kg1 Rxh5 66. Ra4 Rg5 67. Kh2 Ke2 68. Re4 Kd3 69. Rh4 h5 70. Rf4 Nf5 71. Rf3+
Ke2 72. Rf4 Nxg3 73. Kh3 Nf5 74. Ra4 Rg3+ 75. Kh2 Rg4 76. Ra5 Rg5 77. Kh3 Kf3
78. Ra3+ Ke4 79. Ra4+ Nd4 80. Kh4 Rb5 81. Rc4 Kd3 82. Rc8 Nf3+ 83. Kg3 Rf5 84.
Re8 Kd4 85. Re7 Ne5 86. Re8 Ng6 87. Re1 Rg5+ 88. Kh2 h4 89. Re8 Rg3 90. Re6 Ne5
91. Kh1 Kd5 92. Re8 Ke4 93. Rh8 Nf3 94. Re8+ Kd3 95. Re3+ Kd2 96. Re2+ Kd1 0-1

[Event "6th Sarkany-Aranytiz IM"]
[Site "Budapest"]
[Date "2015.08.17"]
[Round "3.4"]
[White "Juhasz, Armin"]
[Black "Trbojevic, Mladen"]
[Result "1/2-1/2"]
[WhiteElo "2315"]
[BlackElo "2381"]
[PlyCount "42"]
[EventDate "2015.08.15"]
[EventType "tourn"]
[EventRounds "9"]
[EventCountry "HUN"]
[EventCategory "4"]

1. Nf3 Nf6 2. c4 g6 3. Nc3 d5 4. cxd5 Nxd5 5. Qb3 Nb6 6. d4 Bg7 7. Bf4 Be6 8.
Qa3 O-O 9. e3 a5 10. Be2 Nc6 11. O-O Nb4 12. Rfc1 c6 13. Be5 Nc4 14. Bxc4 Bxc4
15. Bxg7 Kxg7 16. Qa4 Ba6 17. Qb3 Rc8 18. a3 Nd3 19. Rd1 c5 20. dxc5 Nxc5 21.
Qa2 Qb6 1/2-1/2

[Event "6th Sarkany-Aranytiz IM"]
[Site "Budapest"]
[Date "2015.08.17"]
[Round "3.5"]
[White "Galyas, Miklos"]
[Black "Milanovic, Slavisa"]
[Result "1/2-1/2"]
[WhiteElo "2467"]
[BlackElo "2407"]
[PlyCount "29"]
[EventDate "2015.08.15"]
[EventType "tourn"]
[EventRounds "9"]
[EventCountry "HUN"]
[EventCategory "4"]

1. d4 e6 2. c4 Nf6 3. Nc3 Bb4 4. Qc2 O-O 5. a3 Bxc3+ 6. Qxc3 b6 7. Bg5 Ba6 8.
Qf3 Nc6 9. e3 Na5 10. Rc1 d5 11. Bxf6 Qxf6 12. Qxf6 gxf6 13. cxd5 Bxf1 14. Kxf1
exd5 15. Ne2 1/2-1/2

[Event "6th Sarkany-Aranytiz IM"]
[Site "Budapest"]
[Date "2015.08.18"]
[Round "4.1"]
[White "Ivekovic, Zvonimir"]
[Black "Milanovic, Slavisa"]
[Result "1-0"]
[WhiteElo "2330"]
[BlackElo "2407"]
[PlyCount "39"]
[EventDate "2015.08.15"]
[EventType "tourn"]
[EventRounds "9"]
[EventCountry "HUN"]
[EventCategory "4"]

1. e4 e6 2. d4 d5 3. Nc3 Bb4 4. Bd2 dxe4 5. Qg4 Nf6 6. Qxg7 Rg8 7. Qh6 Qxd4 8.
O-O-O Rg6 9. Qh4 Rg4 10. Qh3 Qxf2 11. Be3 Qf5 12. Bb5+ c6 13. Rf1 Qe5 14. Rxf6
Qxf6 15. Qxg4 cxb5 16. Nge2 Qg6 17. Qf4 Qf5 18. Qg3 Qg6 19. Qe5 Bd7 20. Nd5 1-0

[Event "6th Sarkany-Aranytiz IM"]
[Site "Budapest"]
[Date "2015.08.18"]
[Round "4.2"]
[White "Trbojevic, Mladen"]
[Black "Galyas, Miklos"]
[Result "0-1"]
[WhiteElo "2381"]
[BlackElo "2467"]
[PlyCount "110"]
[EventDate "2015.08.15"]
[EventType "tourn"]
[EventRounds "9"]
[EventCountry "HUN"]
[EventCategory "4"]

1. e4 d6 2. d4 Nf6 3. Nc3 g6 4. Nf3 Bg7 5. Be3 O-O 6. Qd2 a6 7. Bh6 b5 8. Bd3
Nc6 9. Bxg7 Kxg7 10. e5 dxe5 11. dxe5 Ng4 12. O-O-O b4 13. h3 Ngxe5 14. Nxe5
Nxe5 15. Qe3 Nd7 16. Nd5 e6 17. Nxb4 Qf6 18. c3 Ne5 19. f4 Nxd3+ 20. Nxd3 Bb7
21. Nc5 Bc6 22. Nd7 Bxd7 23. Rxd7 Rad8 24. Rhd1 Rxd7 25. Rxd7 Rd8 26. Rxc7 Rd5
27. Rc4 h5 28. Rd4 Ra5 29. a4 h4 30. b3 Rf5 31. Re4 Qe7 32. Kb2 Qb7 33. Qe2 a5
34. Rd4 Qc7 35. Qe3 Qc6 36. Qe4 Qc5 37. b4 axb4 38. cxb4 Qa7 39. Kb3 Qe7 40.
Rc4 Rd5 41. Rd4 Rf5 42. Rd3 Qc7 43. Qd4+ Kh7 44. Qc4 Qb7 45. Rd2 Qb8 46. Rd4
Qb7 47. Qe2 Qc7 48. Qd2 Qb6 49. Qd3 Qc6 50. Qc2 Qb6 51. Qf2 e5 52. Qxh4+ Rh5
53. Qd8 Qxd4 54. Qxd4 exd4 55. b5 Rc5 0-1

[Event "6th Sarkany-Aranytiz IM"]
[Site "Budapest"]
[Date "2015.08.18"]
[Round "4.3"]
[White "Goczo, Melinda"]
[Black "Juhasz, Armin"]
[Result "1-0"]
[WhiteElo "2230"]
[BlackElo "2315"]
[PlyCount "97"]
[EventDate "2015.08.15"]
[EventType "tourn"]
[EventRounds "9"]
[EventCountry "HUN"]
[EventCategory "4"]

1. d4 e6 2. e4 d5 3. Nd2 Be7 4. Ngf3 Nf6 5. Bd3 b6 6. e5 Nfd7 7. Qe2 c5 8. c3
Nc6 9. a3 c4 10. Bc2 b5 11. h4 h6 12. Nf1 Qb6 13. N3h2 Bb7 14. Qh5 g6 15. Bxg6
fxg6 16. Qxg6+ Kd8 17. Qxe6 Na5 18. Qxb6+ Nxb6 19. Be3 Nb3 20. Rb1 Bc8 21. Ng3
a5 22. Ke2 b4 23. axb4 axb4 24. cxb4 Ra2 25. f4 Bxh4 26. Nhf1 Bxg3 27. Nxg3
Bg4+ 28. Kf1 h5 29. f5 Na4 30. e6 Nxb2 31. Bg5+ Ke8 32. Kg1 c3 33. Re1 Ra1 34.
Rxa1 Nxa1 35. Kh2 Nb3 36. Re1 h4 37. Re3 Nd1 38. Re5 hxg3+ 39. Kxg3 Rg8 40.
Kxg4 c2 41. f6 Kf8 42. f7 Rh8 43. Rf5 Ne3+ 44. Bxe3 c1=Q 45. Bxc1 Nxc1 46. Rxd5
Ke7 47. Rg5 Rf8 48. Rg8 Ne2 49. d5 1-0

[Event "6th Sarkany-Aranytiz IM"]
[Site "Budapest"]
[Date "2015.08.18"]
[Round "4.4"]
[White "Ivekovic, Bozidar"]
[Black "Lyell, Mark"]
[Result "0-1"]
[WhiteElo "2374"]
[BlackElo "2313"]
[PlyCount "138"]
[EventDate "2015.08.15"]
[EventType "tourn"]
[EventRounds "9"]
[EventCountry "HUN"]
[EventCategory "4"]

1. d4 f5 2. g3 Nf6 3. Bg2 e6 4. c4 c6 5. Nh3 d6 6. O-O Be7 7. Nc3 O-O 8. e4 e5
9. dxe5 dxe5 10. exf5 Bxf5 11. Ng5 Nbd7 12. h3 Nc5 13. Be3 Qe8 14. b4 Rd8 15.
Qc1 Nd3 16. Qc2 Bxb4 17. g4 Bg6 18. Nce4 Nxe4 19. Nxe4 Nf4 20. f3 Qe7 21. c5
Nd3 22. Rad1 Bxe4 23. fxe4 Nxc5 24. Rxd8 Rxd8 25. Rf5 Ne6 26. Rxe5 Qd6 27. Rf5
g6 28. Rf6 Bc5 29. Bf2 Qd1+ 30. Qxd1 Rxd1+ 31. Bf1 Bxf2+ 32. Kxf2 Ng5 33. Rf4
Kg7 34. e5 Rd5 35. h4 Ne6 36. Re4 Rd4 37. Re3 Rf4+ 38. Ke1 Kf7 39. Be2 Ra4 40.
a3 Ke7 41. Bd1 Rf4 42. h5 g5 43. h6 Nd4 44. Kd2 c5 45. Kd3 b5 46. Re1 a5 47.
Rh1 Nc6 48. Kc3 Nxe5 49. Bc2 Rf3+ 50. Kd2 Rf7 51. Bf5 Nf3+ 52. Ke3 Ne5 53. Ke4
Nxg4 54. Re1 Nxh6 55. Kd5+ Kd8 56. Be6 Rf4 57. Kxc5 b4 58. axb4 axb4 59. Bc4
Nf5 60. Bb5 Ng7 61. Bc4 h5 62. Kxb4 g4 63. Kc5 h4 64. Bd5 g3 65. Kd6 Rf6+ 66.
Ke5 Rf5+ 67. Ke4 g2 68. Bc4 h3 69. Be2 h2 0-1

[Event "6th Sarkany-Aranytiz IM"]
[Site "Budapest"]
[Date "2015.08.18"]
[Round "4.5"]
[White "Jovanovic, Dusan D"]
[Black "Zentai, Peter"]
[Result "1-0"]
[WhiteElo "2373"]
[BlackElo "2248"]
[PlyCount "91"]
[EventDate "2015.08.15"]
[EventType "tourn"]
[EventRounds "9"]
[EventCountry "HUN"]
[EventCategory "4"]

1. c4 c6 2. e4 d5 3. exd5 cxd5 4. d4 Nf6 5. Nc3 Nc6 6. Bg5 dxc4 7. Nf3 Bg4 8.
d5 Bxf3 9. Qxf3 Ne5 10. Qg3 Nd3+ 11. Bxd3 cxd3 12. O-O-O Rc8 13. Qxd3 Qd6 14.
Rhe1 Nd7 15. Kb1 Nc5 16. Qd2 a6 17. Ka1 b5 18. Bf4 Qd7 19. Be3 Nb7 20. Ne4 f6
21. Rc1 Rxc1+ 22. Rxc1 Kf7 23. Bf4 Nd6 24. Nc5 Qf5 25. Bxd6 exd6 26. Ne6 Be7
27. Rc7 Re8 28. a3 Qe4 29. f3 Qe5 30. g4 Kg8 31. h4 h6 32. h5 f5 33. Qc3 Qxc3
34. Rxc3 fxg4 35. fxg4 Rb8 36. Ka2 a5 37. Rc6 b4 38. b3 bxa3 39. Kxa3 Rb5 40.
Nc7 Rb4 41. Rc4 Rb7 42. Ka4 Kf7 43. Rf4+ Kg8 44. Nb5 Bd8 45. Rc4 Rd7 46. Rc6
1-0

[Event "6th Sarkany-Aranytiz IM"]
[Site "Budapest"]
[Date "2015.08.19"]
[Round "5.1"]
[White "Zentai, Peter"]
[Black "Ivekovic, Zvonimir"]
[Result "0-1"]
[WhiteElo "2248"]
[BlackElo "2330"]
[PlyCount "44"]
[EventDate "2015.08.15"]
[EventType "tourn"]
[EventRounds "9"]
[EventCountry "HUN"]
[EventCategory "4"]

1. d4 Nf6 2. c4 c5 3. d5 e6 4. Nc3 exd5 5. cxd5 d6 6. Nf3 g6 7. Nd2 Nbd7 8. e4
Bg7 9. Be2 O-O 10. O-O Re8 11. Qc2 Ne5 12. a4 Bg4 13. Bxg4 Nfxg4 14. h3 Nf6 15.
Re1 c4 16. Re2 Rc8 17. Nf1 Nfd7 18. Nb5 Nc5 19. Ra3 a6 20. Nc3 Ned3 21. Bd2 Qh4
22. f3 f5 0-1

[Event "6th Sarkany-Aranytiz IM"]
[Site "Budapest"]
[Date "2015.08.19"]
[Round "5.2"]
[White "Lyell, Mark"]
[Black "Jovanovic, Dusan D"]
[Result "1/2-1/2"]
[WhiteElo "2313"]
[BlackElo "2373"]
[PlyCount "142"]
[EventDate "2015.08.15"]
[EventType "tourn"]
[EventRounds "9"]
[EventCountry "HUN"]
[EventCategory "4"]

1. e4 e5 2. Nf3 Nc6 3. Nc3 g6 4. Bc4 Bg7 5. a3 Nge7 6. d3 O-O 7. h4 Nd4 8. h5
d5 9. Nxd5 Nxd5 10. Bxd5 c6 11. Ba2 Bg4 12. hxg6 hxg6 13. c3 Ne6 14. Qc2 Bxf3
15. gxf3 Qf6 16. Ke2 Rfd8 17. Be3 Nf4+ 18. Bxf4 Qxf4 19. Qd2 Qf6 20. Rad1 b5
21. Rhg1 Rd6 22. Qg5 Qxg5 23. Rxg5 Re8 24. Rg4 Kf8 25. Rh4 Bf6 26. Rg4 Bg7 27.
Rh4 Bf6 28. Rh7 Re7 29. f4 exf4 30. Kf3 Bg7 31. Kxf4 f5 32. Rxg7 Kxg7 33. e5
Rd8 34. d4 Rh8 35. d5 cxd5 36. Rxd5 Rh4+ 37. Kf3 Re4 38. Rxb5 R4xe5 39. Bd5 g5
40. c4 Kf6 41. Ra5 Re1 42. b4 Rc1 43. a4 Rc3+ 44. Kg2 g4 45. Ra6+ Kg5 46. a5 g3
47. Re6 Rxe6 48. Bxe6 Kf6 49. Bd5 Rb3 50. b5 gxf2 51. Kxf2 Ke5 52. Ke2 Kd4 53.
Kf2 Kc5 54. Ke2 Ra3 55. a6 Kd4 56. Kf2 f4 57. Ke2 Rb3 58. Kf2 f3 59. Bxf3 Kxc4
60. Bc6 Kd4 61. Ke2 Ra3 62. Kf2 Ra2+ 63. Kf3 Rb2 64. Kf4 Rf2+ 65. Kg5 Kc5 66.
Kg4 Rf6 67. Kg5 Rf8 68. Kg4 Kd6 69. Bb7 Kc5 70. Bc6 Rf6 71. Kg5 Rxc6 1/2-1/2

[Event "6th Sarkany-Aranytiz IM"]
[Site "Budapest"]
[Date "2015.08.19"]
[Round "5.3"]
[White "Juhasz, Armin"]
[Black "Ivekovic, Bozidar"]
[Result "1/2-1/2"]
[WhiteElo "2315"]
[BlackElo "2374"]
[PlyCount "68"]
[EventDate "2015.08.15"]
[EventType "tourn"]
[EventRounds "9"]
[EventCountry "HUN"]
[EventCategory "4"]

1. Nf3 c5 2. c4 Nc6 3. e3 Nf6 4. Nc3 g6 5. d4 Bg7 6. d5 Nb8 7. Bd3 O-O 8. O-O
d6 9. h3 e6 10. e4 h6 11. Be3 e5 12. a3 b6 13. b4 Ne8 14. bxc5 bxc5 15. Rb1 f5
16. Bd2 f4 17. Be2 Nf6 18. Nh2 h5 19. Rb3 Rf7 20. Bf3 Bf8 21. Nb5 Rh7 22. Qe1
Na6 23. Bd1 g5 24. g4 hxg4 25. hxg4 Qe8 26. f3 Qg6 27. Rf2 Qh6 28. Rb2 Be7 29.
Ba5 Kf7 30. Rg2 Nd7 31. Ba4 Nb6 32. Bb3 Bd8 33. Bc3 Nc7 34. a4 Na6 1/2-1/2

[Event "6th Sarkany-Aranytiz IM"]
[Site "Budapest"]
[Date "2015.08.19"]
[Round "5.4"]
[White "Galyas, Miklos"]
[Black "Goczo, Melinda"]
[Result "1-0"]
[WhiteElo "2467"]
[BlackElo "2230"]
[PlyCount "69"]
[EventDate "2015.08.15"]
[EventType "tourn"]
[EventRounds "9"]
[EventCountry "HUN"]
[EventCategory "4"]

1. g3 d5 2. Bg2 Nf6 3. f4 c5 4. Nf3 g6 5. O-O Bg7 6. d3 O-O 7. c3 Nc6 8. Na3
Rb8 9. Ne5 Bd7 10. Nxd7 Qxd7 11. e4 b5 12. e5 Ne8 13. Be3 b4 14. Nc2 f6 15. e6
Qxe6 16. Bxc5 bxc3 17. bxc3 Rf7 18. Ne3 Nc7 19. f5 Qe5 20. Rc1 d4 21. cxd4
Qxe3+ 22. Kh1 Nxd4 23. Bxa7 Rb2 24. Rxc7 e5 25. Bd5 Qh6 26. Bxf7+ Kh8 27. h4
Nxf5 28. Rxf5 gxf5 29. Qc1 Rd2 30. Rc8+ Bf8 31. Rxf8+ Qxf8 32. Qxd2 Qxf7 33.
Bf2 Qb7+ 34. Kh2 Qf3 35. d4 1-0